000 00923nam0a22002651 4500
001 RU\NLR\INFOCOMM_89\5000595706
005 20250613095239.0
035 _a(NLR Aleph) 009288728
090 _a9206603
_c9206603
100 _a20100928d1980 |||y0rusy50 ca
101 0 _afre
102 _aRU
105 _ay ||||000|y
200 1 _aLettres sur les matérialisme historique, 1890-1894
_fEngels
210 _aΜ.
_cProgrès
_d1980
215 _a42 с.
_d18 см
300 _aПеревод загл.: Письма об историческом материализме, 1890-1894 гг.: [Сборник]
541 1 _aПисьма об историческом материализме, 1890-1894 гг.
_e[Сборник]
686 _aА146
_2rubbk
700 1 _aEngels
_bF.
_f1820-1895
_gFriedrich
_4070
801 1 _aRU
_bNLR
_c20100928
801 0 _aRU
_bNLR
_gPSBO
852 _aNLR
_jМЭ 125-Д/4
942 _cBOOK
980 _aNB